Từ điển Nga - Việt nông nghiệp
Gardado en:
| Formato: | Libro |
|---|---|
| Idioma: | Undetermined |
| Publicado: |
Hà Nội
KH
1970
|
| Những chủ đề: | |
| Các nhãn: |
Engadir etiqueta
Sen Etiquetas, Sexa o primeiro en etiquetar este rexistro!
|
| Thư viện lưu trữ: | Trung tâm Học liệu Trường Đại học Cần Thơ |
|---|
| LEADER | 00504nam a2200169Ia 4500 | ||
|---|---|---|---|
| 001 | CTU_12129 | ||
| 008 | 210402s9999 xx 000 0 und d | ||
| 082 | |a 630.3 | ||
| 082 | |b T550 | ||
| 245 | 0 | |a Từ điển Nga - Việt nông nghiệp | |
| 245 | 0 | |c Tổ Từ điển khoa học và kỹ thuật | |
| 260 | |a Hà Nội | ||
| 260 | |b KH | ||
| 260 | |c 1970 | ||
| 650 | |a agriculture - terminology | ||
| 904 | |i Minh, 961108 | ||
| 980 | |a Trung tâm Học liệu Trường Đại học Cần Thơ | ||